Sports Quiz

Random Sports Quiz

Tranmere Rovers Squad Numbers 19/20 Quiz Stats

 Plays Quiz not verified by Sporcle

Score 0/30 Timer 10:00
0 Plays Today
Number Answer % Correct
1Scott Davies
100%
3Liam Ridehalgh
100%
4Sid Nelson
100%
5George Ray
100%
6Manny Monthe
100%
9Paul Mullin
100%
11Connor Jennings
100%
14Jake Caprice
100%
17David Perkins
100%
28Ollie Banks
83.3%
45Stefan Payne
83.3%
7Kieron Morris
66.7%
8Darren Potter
66.7%
10Morgan Ferrier
66.7%
16Mark Ellis
66.7%
Number Answer % Correct
20Harvey Gilmour
66.7%
23Corey Blackett-Taylor
66.7%
21Evan Gumbs
50%
22Kane Wilson
50%
25Luke Pilling
50%
2Callum Woods
33.3%
15Ishmael Miller
33.3%
18Rushian Hepburn-Murphy
33.3%
19Jordan Ponticelli
33.3%
26Carl Spellman
33.3%
29Danny Walker-Rice
33.3%
30Bayleigh Passant
33.3%
27Bailey Thompson
16.7%
33Cameron Borthwick-Jackson
16.7%
24Jacob Maddox
0%

You're not logged in!

Compare scores with friends on all Sporcle quizzes.
OR
Log In

Sporcle TV

Today on Sporcle TV


Watch our educational content, quiz creation guides, and fun videos on Sporcle TV.

Show Comments

Extras

Created Sep 7, 2019ReportNominate
Tags:1920, rover, Squad, Squad Numbers

Top Quizzes Today


Score Distribution

Your Account Isn't Verified!

In order to create a playlist on Sporcle, you need to verify the email address you used during registration. Go to your Sporcle Settings to finish the process.

Report this User

Report this user for behavior that violates our Community Guidelines.

Details: